000 00588na a2200217 4500
001 19697
003 MIRAKIL
005 20181213154816.0
008 161226b tu 000 0
040 _aMilas
_btur
_cTR-AnCHP
041 _atur
082 _a370.06
_bT32 [t.y.]
090 _a370.06 T32 [t.y.]
110 _aTED
245 _aTürk Eğitim Derneği
260 _aAnkara
_bTED
_c[t.y.]
300 _aYaklaşık 30 s.
_bres.
_c19 sm.
610 _aTürk Eğitim Derneği (TED)
_xTanıtım
_yTeşkilat yapısı
650 _aEğitim kurumları
_xVakıflar
942 _2ddc
_cBKS
999 _c1233
_d1233